Tous les drapeaux tricolores qui ne soient pas bleu-blanc-rouge - Statistiques

Statistiques générales
  • Ce quiz a été pris 89 fois
    88 depuis la dernière actualisation
  • Le résultat moyen est 24 sur 52
Statistiques - réponses
Réponse % Correct
Belgique
97%
Allemagne
86%
Irlande
84%
Italie
81%
Roumanie
77%
Estonie
70%
Lituanie
70%
Hongrie
69%
Bolivie
67%
Bulgarie
67%
Colombie
66%
Mali
59%
Algérie
57%
Biélorussie
57%
Cameroun
56%
Tchad
56%
République Démocratique du Congo
54%
République du Congo
54%
Sénégal
53%
Niger
51%
Arménie
50%
Côte-d'Ivoire
50%
Guinée
50%
Argentine
49%
Bosnie-Herzégovine
47%
Bénin
44%
Angola
41%
Kosovo
41%
Burkina Faso
39%
Chypre
39%
Madagascar
39%
Barbade
37%
Bahamas
36%
Gabon
36%
Iran
34%
Sierra Leone
34%
Jamaïque
33%
Nauru
33%
Liban
31%
Mongolie
31%
Trinité et Tobago
30%
Yémen
30%
Burundi
29%
Botswana
27%
Malte
27%
Oman
27%
Rwanda
26%
Saint-Vincent-et-les-Grenadines
23%
Maroc
21%
Marshall
21%
Maldives
20%
Malawi
19%
Aucun quiz correspondant
Distribution des résultats
% des personnes avec chaque résultat
Percentile par nombre de réponses
Votre historique - résultats
Vous n’avez pas pris ce quiz depuis la dernière actualisation